| 000 -LEADER |
| fixed length control field |
00458cam a22001577a 4500 |
| 008 - FIXED-LENGTH DATA ELEMENTS--GENERAL INFORMATION |
| fixed length control field |
180718b1931 xxu||||| |||| 00| 0 eng d |
| 082 ## - DEWEY DECIMAL CLASSIFICATION NUMBER |
| Classification number |
A6x415 C887 |
| 100 ## - MAIN ENTRY--PERSONAL NAME |
| Personal name |
Crozier, F.P. |
| 245 ## - TITLE STATEMENT |
| Title |
A Word to Gandhi: the lesson of Ireland |
| Statement of responsibility, etc. |
by F.P. Crozier |
| 260 ## - PUBLICATION, DISTRIBUTION, ETC. |
| Place of publication, distribution, etc. |
London |
| Name of publisher, distributor, etc. |
William and Norgate |
| Date of publication, distribution, etc. |
1931 |
| 300 ## - PHYSICAL DESCRIPTION |
| Extent |
142p. |
| 500 ## - GENERAL NOTE |
| General note |
Rs.5.00 |
| 650 ## - SUBJECT ADDED ENTRY--TOPICAL TERM |
| Topical term or geographic name entry element |
India - Politics |
| 650 ## - SUBJECT ADDED ENTRY--TOPICAL TERM |
| Topical term or geographic name entry element |
REvolution - Irish Free State |
| 650 ## - SUBJECT ADDED ENTRY--TOPICAL TERM |
| Topical term or geographic name entry element |
Irish Free State - History |